| 000 | 01176cam a22002891 4500 | ||
|---|---|---|---|
| 001 | gs 37000135 | ||
| 003 | DLC | ||
| 005 | 20260227111341.0 | ||
| 008 | 720317s1936 oncb b 000 0 eng | ||
| 010 | _ags 37000135 | ||
| 035 | _a(OCoLC)265253 | ||
| 040 |
_aDLC _cOAkU _dNSbSU _dDLC |
||
| 050 | 0 | 0 |
_aQE185 _b.A2 no. 200 |
| 051 |
_aQE195 _b.J6 |
||
| 100 | 1 |
_aJohnston, John Russell, _d1910- |
|
| 245 | 1 | 2 |
_aA reconnaissance of Pelly river between Macmillan river and Hoole canyon, Yukon, _cby J.R. Johnston. |
| 260 |
_aOttawa, _bJ.O. Patenaude, printer to the King, _c1936. |
||
| 300 |
_a19 p. _bincl. table. fold. map (in pocket) _c25 cm. |
||
| 490 | 1 |
_aGeological Survey of Canada. Memoir _v200 |
|
| 500 | _aAt head of title: Canada. Department of mines. Bureau of economic geology. Geological survey. | ||
| 500 | _aIn lower right corner of t.-p.: no.2425. | ||
| 504 | _aIncludes bibliographies. | ||
| 650 | 0 |
_aGeology _zYukon _zPelly River Valley. |
|
| 650 | 0 |
_aPhysical geography _zYukon _zPelly River Valley. |
|
| 740 | 0 | _aPelly river between Macmillan river and Hoole canyon, Yukon, A reconnaissance of. | |
| 830 | 0 |
_aMemoir (Geological Survey of Canada) ; _v200 |
|
| 999 |
_c27353 _d27353 |
||